Statistics for South American Countries in 1 minute

Click here to take the quiz!

General Stats

  • This quiz has been taken 38 times
  • The average score is 11 of 12

Answer Stats

Answer% Correct
Brazil
100%
Chile
100%
Argentina
97%
Colombia
97%
Venezuela
97%
Peru
94%
Bolivia
91%
Uruguay
91%
Paraguay
88%
Suriname
88%
Guyana
85%
Ecuador
79%

Score Distribution

Percentile by Number Answered

Percent of People with Each Score

Your Score History

You have not taken this quiz